DreamWorks Movies by Characters - Statistics

General Stats
  • This quiz has been taken 43 times
  • The average score is 8 of 15
Answer Stats
Characters Movie % Correct
Monkey, Viper, Po Kung Fu Panda
91%
Hiccup, Astrid, Toothless How to Train Your Dragon
86%
Alex, Marty, Gloria Madagascar
83%
Fiona, Fairy Godmother, Prince Charming Shrek 2
80%
Skipper, Private, Kowalski Penguins of Madagascar
74%
Kitty Softpaws, Death, Goldilocks Puss in Boots: The Last Wish
71%
Poppy, Branch, Bridget Trolls
69%
Roxanne, Tighten, Metro Man Megamind
60%
George, Harold, Prof. Poopypants Captain Underpants: The First Epic Movie
51%
Gallaxhar, Dr. Cockroach, B.O.B. Monsters vs. Aliens
43%
Molly, Rocky, Ginger Chicken Run
37%
Rita Malone, Sid, Toad Flushed Away
29%
Verne, Hammy, Stella Over the Hedge
29%
Judah, Levi, Benjamin Joseph: King of Dreams
20%
Theo, Chet, Tito Turbo
14%
No matching quizzes found
Score Distribution
Percent of People with Each Score
Percentile by Number Answered
Your Score History
You have not taken this quiz